000 00347nam a22001337a 4500
082 _a891.4391 IQB
100 _aIqbal, Allama
245 _aBang-e-Dara /
_cAllama Iqbal
260 _aRawalpindi :
_bNawab Sons,
_c2005.
300 _a239 p. ;
_c17 cm.
942 _2ddc
_cBK
999 _c586486
_d586486